000 00628nam a2200193Ia 4500
003 GCL
008 140319s9999 xx 000 0 ara d
040 _aGCL /
_cGCL
082 0 4 _a133.5
_bع ا
100 1 _aعباس كاظم مراد
245 1 0 _aالابراج والطوالع والخطوط بين الحلال والحرام والحقيقة والوهم /
_cعباس كاظم مراد
260 _a[S.N] :
_bمكتبة التراث الاسلامى ،
_c1990
300 _a111 ص
490 _a
650 0 4 _aالتنجيم العربى
650 0 4 _aالابراج
650 0 4 _aالنجوم
942 _2ddc
_cBK
999 _c53519
_d53519